Các dây chuyền công nghệ trong CNTP : Chế biến rau quả

Zapisane w:
Opis bibliograficzny
Format: Książka
Język:Undetermined
Wydane: Paris 1996
Hasła przedmiotowe:
Etykiety: Dodaj etykietę
Nie ma etykietki, Dołącz pierwszą etykiete!
Thư viện lưu trữ: Trung tâm Học liệu Trường Đại học Cần Thơ
LEADER 00458nam a2200157Ia 4500
001 CTU_23433
008 210402s9999 xx 000 0 und d
082 |a 641.303 
082 |b T772 
245 0 |a Các dây chuyền công nghệ trong CNTP : 
245 0 |b Chế biến rau quả 
260 |a Paris 
260 |c 1996 
650 |a Vegetable processing plants 
904 |i Sáng, 980421 
980 |a Trung tâm Học liệu Trường Đại học Cần Thơ